000 00537nmm a2200169Ia 4500
008 251105s9999||||xx |||||||||||||||||und||
020 _a9788437090474
041 _aspa
100 _aAlonso Asenjo, Julio
245 0 _aTeatro Colegial Colonial de jesuitas de México a Chile
264 _a[Madrid, España] :
_bPublicaciones de la Universidad de Valencia (PUV),
_c2013
300 _a290 páginas
490 _aParnaseo
650 _aLatin American theater
856 _uhttps://public.digitaliapublishing.com/a/34906
942 _cCF
999 _c82596
_d82596